• 首页
  • 本馆介绍
  • 公告通知
  • 最新文献
  • 馆藏检索
  • 电子资源
  • 读者导购
  • 参考咨询
  • 我的图书馆
  • 登录
  • 详细信息显示
  • 放入我的书架
  • 预约/预借图书
  • 作者相关作品
  • 分类相关作品
  • 丛书相关作品
  • 出版社相关作品

书目信息

  • 表格格式
  • 工作单格式
  • 卡片格式
题名:
经典常谈
    
 
作者: 朱自清, 著
分册:  
出版信息: 北京   三联书店  2021
页数: 154页
开本: 21cm
丛书名: 图书馆精选文丛
单 册:
中图分类: Z835
科图分类:
主题词: 社会科学--she hui ke xue--古籍--介绍--中国
电子资源:
ISBN: 978-7-108-06985-6
000 00898nam 2200253 450
001 2132417664
005 20211113090021.13
010    @a978-7-108-06985-6@dCNY25.00
100    @a20201216d2021 em y0chiy50 ea
101 0  @achi
102    @aCN@b110000
105    @ay a 000yy
200 1  @a经典常谈@Ajing dian chang tan@f朱自清著
210    @a北京@c三联书店@d2021
215    @a154页@d21cm
225 2  @a图书馆精选文丛@Atu shu guan jing xuan wen cong
320    @a有书目
330    @a本书是对中国传统文化作品的介绍。内容包括:说文解字第一、周易第二、尚书第三、诗经第四、三礼第五、春秋三传第六(国语附)、四书第七、战国策第八等十三篇,介绍了中国古代文学的发展与历史脉络。
410  0 @12001 @a图书馆精选文丛
606 0  @a社会科学@Ashe hui ke xue@x古籍@x介绍@y中国
690    @aZ835@v5
701  0 @a朱自清,@Azhu zi qing@f1898-1948@4著
801  0 @aCN@bBP@c20201216
905    @aZUCC@dZ835@e12
    
    经典常谈/朱自清著.-北京:三联书店,2021
    154页;21cm.-(图书馆精选文丛)
    
    
    ISBN 978-7-108-06985-6:CNY25.00
    本书是对中国传统文化作品的介绍。内容包括:说文解字第一、周易第二、尚书第三、诗经第四、三礼第五、春秋三传第六(国语附)、四书第七、战国策第八等十三篇,介绍了中国古代文学的发展与历史脉络。
●
相关链接 在五车中查询图书 在当当中查询图书 在豆瓣中查询图书


正题名:经典常谈     索取号:Z835/12         预约/预借

序号 登录号 条形码 馆藏地/架位号 状态 备注
1 2000882161   2000882161   第三书库/ [索取号:Z835/12] 在馆    
2 2000882162   2000882162   第三书库/ [索取号:Z835/12] 在馆    
3 2000882163   2000882163   第三书库/ [索取号:Z835/12] 在馆    
山东省滨州职业学院图书馆 欢迎您!
大连网信软件有限公司© 版权所有